Một số quy định pháp luật về đào tạo, bổ nhiệm, từ chức, miễn nhiệm cán bộ lãnh đạo và tuyển dụng công chức

Guardat en:
Dades bibliogràfiques
Format: Llibre
Idioma:Undetermined
Publicat: Hà Nội Chính trị quốc gia 2004
Matèries:
Etiquetes: Afegir etiqueta
Sense etiquetes, Sigues el primer a etiquetar aquest registre!
Thư viện lưu trữ: Trung tâm Học liệu Trường Đại học Cần Thơ
LEADER 00616nam a2200169Ia 4500
001 CTU_92887
008 210402s9999 xx 000 0 und d
082 |a 344.59701 
082 |b M458 
245 0 |a Một số quy định pháp luật về đào tạo, bổ nhiệm, từ chức, miễn nhiệm cán bộ lãnh đạo và tuyển dụng công chức 
260 |a Hà Nội 
260 |b Chính trị quốc gia 
260 |c 2004 
650 |a Labor laws and legislation 
650 |z Vietnam 
904 |i Tuyến 
980 |a Trung tâm Học liệu Trường Đại học Cần Thơ